000 00639nam a22001937a 4500
005 20170824160002.0
010 _aENG-120067
020 _c995.00
_a9789386535054
035 _aEN-103599
037 _bDBAD/PUB
082 _a355.033054
245 _aSouth Asian security dilemma /
_cedited by Arpit Bajpai
260 _aNew Delhi
_bJawahar Publishers & Distributors,
_c2017
270 _a46, Samachar Apartment, Mayur Vihar-I,
_bNew Delhi
_e110091
300 _avii, 280p
_c22cm (pbk)
500 _aInclude bibliographical references and index
700 _aBajpai ,Arpita
942 _2ddc
_cEN
_h355.033054
_mSOU
999 _c143794
_d143794